|
|
|
|
| LEADER |
00000nam0a2200000 4500 |
| 001 |
301712 |
| 005 |
20231102001429.0 |
| 020 |
|
|
|a RU
|b 83-15275
|
| 035 |
|
|
|a (RuTPU)RU\TPU\book\326888
|
| 090 |
|
|
|a 301712
|
| 100 |
|
|
|a 20150812d1982 km y0rusy5003 ca
|
| 101 |
0 |
|
|a rus
|
| 102 |
|
|
|a RU
|
| 105 |
|
|
|a a z 000zy
|
| 200 |
1 |
|
|a Летчику о метеорологии
|f Кравченко И. В.
|
| 205 |
|
|
|a 4-е изд., испр. и доп.
|
| 210 |
|
|
|a Москва
|c Воениздат
|d 1982
|
| 215 |
|
|
|a 255 с.
|c ил.
|
| 606 |
1 |
|
|a Метеорология авиационная
|x Математические методы
|2 stltpush
|3 (RuTPU)RU\TPU\subj\43460
|9 62959
|
| 610 |
1 |
|
|a атмосфера
|
| 610 |
1 |
|
|a состав
|
| 610 |
1 |
|
|a строение
|
| 610 |
1 |
|
|a воздух
|
| 610 |
1 |
|
|a температура
|
| 610 |
1 |
|
|a влажность
|
| 610 |
1 |
|
|a погода
|
| 610 |
1 |
|
|a опасные явления
|
| 610 |
1 |
|
|a грозы
|
| 610 |
1 |
|
|a туманы
|
| 610 |
1 |
|
|a бури
|
| 610 |
1 |
|
|a летательные аппараты
|
| 610 |
1 |
|
|a электризация
|
| 610 |
1 |
|
|a метеорологические условия
|
| 610 |
1 |
|
|a прогноз
|
| 610 |
1 |
|
|a полеты
|
| 675 |
|
|
|a 656.7.052:551.5
|z rus
|v 3
|
| 700 |
|
1 |
|a Кравченко
|b И. В.
|g Иван Варфоломеевич
|4 070
|
| 801 |
|
0 |
|a RU
|b RuMRKP
|c 19950704
|g psbo
|
| 801 |
|
1 |
|a RU
|b 63413507
|c 20150812
|
| 801 |
|
2 |
|a RU
|b 63413507
|c 20190226
|g RCR
|
| 942 |
|
|
|c BK
|